000 01276cam a2200349 a 4500
003 CHAP
005 20220329142218.0
008 000221d1999 mx ab r 10100 spa d
010 _a79986
011 _a80958
020 _a9688845760
035 _a91417
040 _cCHAP
082 0 4 _a631.0915
_bS52
111 0 0 _aSimposium Internacional de las Zonas Aridas
_d(1999 :
_cBermejillo, Dgo.)
_9106448
245 1 0 _aMemoria
_c/ed. por Oscar A. Martínez Rodríguez e Ignacio Tovar Luna
260 _aBermejillo, Dgo. :
_bUACH. Departamento de Zonas Aridas,
_c1999.
300 _a94 p. :
_bilus. ; cuadros ; gráfs. ; mapas
590 _aBATCH-UPD
_b10
_c20130110
_lUCH01
_h0119
590 _aBATCH-UPD
_b10
_c20130110
_lUCH01
_h0759
590 _aBATCH-UPD
_b10
_c20130409
_lUCH01
_h2112
590 _aBATCH-UPD
_b10
_c20130410
_lUCH01
_h0438
590 _aBATCH-UPD
_b10
_c20130914
_lUCH01
_h0322
590 _aCONVERSION
_b10
_c20130109
_lUCH01
_h1344
650 1 4 _aAgricultura
_xRegiones áridas.
_91781
650 1 4 _aRegiones áridas
_xCongresos.
_995682
901 _aBK
905 _aAlejandra Carrasco M.
942 _cLIBRO
949 _a631.0915 S52
_bBC
_cCONG
_d914171
_eCONG
_h97381
_i91417
_sb
949 _a631.0915 S52
_bBC
_cUACH
_d91417
_eUACH
_fc.2
_gDonaciØn
_h102100
_i91417
_sb
999 _c79986
_d79986